Diccionario de los santos
Αποθηκεύτηκε σε:
| Κύριοι συγγραφείς: | , |
|---|---|
| Μορφή: | Βιβλίο |
| Γλώσσα: | Ισπανικά |
| Έκδοση: |
Pamplona
Verbo Divino
1997
|
| Σειρά: | Colección Diccionarios
|
| Θέματα: | |
| Ετικέτες: |
Προσθήκη ετικέτας
Δεν υπάρχουν, Καταχωρήστε ετικέτα πρώτοι!
|
MARC
| LEADER | 00000nam a2200000 a 4500 | ||
|---|---|---|---|
| 001 | UCP3582 | ||
| 003 | CL-VaPUC | ||
| 008 | 990625e19970000SP |||||||||||||||||spa|d | ||
| 082 | 0 | 4 | |a 203 |b SAN |2 21 |
| 100 | 0 | |a Santidrían, Pedro R |e author |9 430929 | |
| 700 | 0 | |a Astruga, María del Carmen |e author |9 430930 | |
| 245 | 1 | 0 | |a Diccionario de los santos |
| 300 | |a 457 p | ||
| 942 | |c BK | ||
| 945 | |d 19990625 00:00:00 |a rbrito | ||
| 260 | |a Pamplona |b Verbo Divino |c 1997 | ||
| 650 | 7 | |a SANTOS |2 CL-VaPUC |9 313738 | |
| 650 | 0 | |a Biografías |9 255210 | |
| 650 | 0 | |a Diccionarios |9 256200 | |
| 583 | |a last modification |c 20130402 06:02:04 |k Rodrigo Vera | ||
| 490 | 0 | |a Colección Diccionarios | |
| 999 | |c 281849 |d 281847 | ||
| 952 | |0 0 |1 0 |4 0 |6 203_000000000000000_SAN_1997 |7 0 |8 F |9 322892 |a BIBTEO |b BIBTEO |d 2019-11-20 |i 3522415 |o 203 SAN 1997 |p 3522415 |r 2025-01-17 |w 2019-11-20 |y BK_F |k ICR | ||